[Event "Napoli Trofeo Caissa 2nd"]
[Site "Napoli"]
[Date "2016.12.22"]
[Round "7"]
[White "Mocerino, Dario"]
[Black "Guglielmi, Domenico Donato"]
[Result "1/2-1/2"]
[WhiteElo "1517"]
[BlackElo "1506"]
[PlyCount "93"]
[EventDate "2016.11.03"]
[EventType "swiss"]
[EventRounds "7"]
[EventCountry "ITA"]
[SourceTitle "EXT 2018"]
[Source "ChessBase"]
[SourceDate "2017.10.13"]
[SourceVersion "1"]
[SourceVersionDate "2017.10.13"]
[SourceQuality "1"]

1. e4 c5 2. Nf3 Nc6 3. d4 cxd4 4. Nxd4 e6 5. Nxc6 bxc6 6. Bd3 d5 7. exd5 cxd5 8. 0-0 Nf6 9. Re1 a6 10. Nd2 Be7 11. b3 0-0 12. Nf3 Bb7 13. Bb2 Qc7 14. Be5 Qd7 15. Qe2 h6 16. Rad1 Ng4 17. Bg3 Bd6 18. Bxd6 Qxd6 19. Ne5 Nxe5 20. Qxe5 Qxe5 21. Rxe5 Rfe8 22. c4 dxc4 23. Bxc4 Rad8 24. Ree1 a5 25. f3 Rc8 26. a4 Ra8 27. Rd7 Ba6 28. Bxa6 Rxa6 29. Rb7 e5 30. f4 f6 31. Rb5 Rd8 32. fxe5 fxe5 33. Rexe5 Rd1+ 34. Kf2 Rb1 35. h3 Rf6+ 36. Rf5 Rxb3 37. Rxa5 Rb2+ 38. Kg1 Rc6 39. Rfc5 Rd6 40. Rc1 Rdd2 41. Ra1 Rxg2+ 42. Kf1 Rh2 43. Kg1 Rxh3 44. Rf5 Rbh2 45. Rff1 Rh4 46. a5 Rh1+ 47. Kg2 1/2-1/2

[Event "Napoli Trofeo Caissa 2nd"]
[Site "Napoli"]
[Date "2016.12.15"]
[Round "6"]
[White "Mocerino, Dario"]
[Black "Di Gennaro, Antonio"]
[Result "1/2-1/2"]
[WhiteElo "1517"]
[BlackElo "1697"]
[PlyCount "95"]
[EventDate "2016.11.03"]
[EventType "swiss"]
[EventRounds "7"]
[EventCountry "ITA"]
[SourceTitle "EXT 2018"]
[Source "ChessBase"]
[SourceDate "2017.10.13"]
[SourceVersion "1"]
[SourceVersionDate "2017.10.13"]
[SourceQuality "1"]

1. e4 c5 2. Nf3 d6 3. d4 cxd4 4. Nxd4 Nf6 5. Nc3 a6 6. Bd3 Nc6 7. Nxc6 bxc6 8. 0-0 g6 9. b3 Bg7 10. Bb2 Qa5 11. Qe1 Nd7 12. a3 0-0 13. Rb1 Qc7 14. Ne2 e5 15. Ng3 Bb7 16. Rd1 d5 17. Be2 Rfe8 18. Bf3 Nf6 19. Qe2 h5 20. h4 a5 21. Qe3 d4 22. Qe1 c5 23. Bc1 Nh7 24. Be2 Bf6 25. Bd3 Bxh4 26. c3 Qb6 27. Bc4 Rad8 28. f4 exf4 29. Rxf4 Bf6 30. cxd4 cxd4 31. Qf2 Re5 32. Bb2 h4 33. Ne2 Rxe4 34. Rxe4 Bxe4 35. Nxd4 Bd5 36. Kh1 Bxc4 37. bxc4 Rb8 38. Rd2 Qc5 39. Rc2 Rd8 40. Nb3 Qxf2 41. Rxf2 Bxb2 42. Rxb2 Rb8 43. Rb1 a4 44. Nd2 Rd8 45. Nf3 g5 46. Rb4 Ra8 47. c5 Nf6 48. Nxg5 1/2-1/2

[Event "Napoli Autunno Vomero op-A"]
[Site "Napoli"]
[Date "2016.09.29"]
[Round "4"]
[White "Esposito, Rosario"]
[Black "Mocerino, Dario"]
[Result "1-0"]
[WhiteElo "1784"]
[BlackElo "1503"]
[PlyCount "87"]
[EventDate "2016.09.08"]
[EventType "swiss"]
[EventRounds "7"]
[EventCountry "ITA"]
[SourceTitle "EXT 2018"]
[Source "ChessBase"]
[SourceDate "2017.10.13"]
[SourceVersion "1"]
[SourceVersionDate "2017.10.13"]
[SourceQuality "1"]

1. d4 d5 2. c4 e6 3. cxd5 exd5 4. Nc3 Be7 5. Bf4 c6 6. Qc2 Nf6 7. e3 Nh5 8. Bg3 Nxg3 9. hxg3 g6 10. Bd3 Na6 11. a3 Be6 12. Nge2 Qd7 13. f3 0-0 14. 0-0-0 Bd6 15. Rh2 Kg7 16. Rdh1 Rh8 17. Nf4 Bxf4 18. gxf4 Bf5 19. e4 dxe4 20. fxe4 Be6 21. f5 gxf5 22. exf5 Bd5 23. f6+ Kxf6 24. Qf2+ Ke7 25. Rxh7 Rxh7 26. Rxh7 Qe6 27. Rh5 Nc7 28. Re5 Rg8 29. Rxe6+ fxe6 30. Nxd5+ Nxd5 31. Qh4+ Kd6 32. Qh2+ Ke7 33. Qh7+ Kf8 34. Qh6+ Ke7 35. Qh4+ Kd6 36. g3 a6 37. Be4 c5 38. Bxd5 exd5 39. dxc5+ Kxc5 40. Qe7+ Kd4 41. Qh4+ Kc5 42. g4 d4 43. Qe7+ Kd5 44. Qf7+ 1-0

[Event "Napoli Autunno Vomero op-A"]
[Site "Napoli"]
[Date "2016.09.15"]
[Round "2"]
[White "Mocerino, Dario"]
[Black "Castellano, Riccardo"]
[Result "0-1"]
[WhiteElo "1503"]
[BlackElo "1598"]
[PlyCount "50"]
[EventDate "2016.09.08"]
[EventType "swiss"]
[EventRounds "7"]
[EventCountry "ITA"]
[SourceTitle "EXT 2018"]
[Source "ChessBase"]
[SourceDate "2017.10.13"]
[SourceVersion "1"]
[SourceVersionDate "2017.10.13"]
[SourceQuality "1"]

1. e4 c5 2. Nf3 d6 3. Be2 Nc6 4. c3 Nf6 5. d3 g6 6. Nbd2 Bg7 7. Nb3 0-0 8. Qc2 e5 9. 0-0 Bd7 10. Bg5 h6 11. Bh4 g5 12. Bg3 Nh5 13. Nxe5 Nxg3 14. Nxc6 Nxe2+ 15. Qxe2 Bxc6 16. f3 b6 17. Rad1 d5 18. Qf2 Qc7 19. Rd2 Rad8 20. Re2 dxe4 21. Rxe4 Bxe4 22. dxe4 Rd7 23. h4 Rfd8 24. hxg5 hxg5 25. Qe3 c4 0-1